LEADER 01388nam a2200301 a 4500 001 000000142594 003 CaOOAMICUS 005 20150401110749.0 008 150401s1979 it af u000 u ita r 040 $aPUL$bita 245 02$aL'universita e la sua storia /$ca cura di Livia Stracca ; [scritti di] Giuseppe Are ... [et al.]. 260 $a[Torino] :$bRAI TV-Dipartimento scuola educazione ;$a[Torino] :$bERI,$c©1979. 300 $a181 p., [8] c. di tav. :$bill. ;$c21 cm 490 1 $aStudio ;$v03 504 $aBibliografia in nota. 650 4$aUniversitą$xStoria.$0(OLS)http://pul/subject/18263 700 1 $aAre, Giuseppe.$0(OLS)http://pul/name/83675 700 1 $aStracca, Livia.$0(OLS)http://pul/name/91698 830 0$aStudio (ERI) ;$v03.$0(OLS)http://pul/title/180518 850 $aPUL 852 $aPUL$W1$xDP1 Fondo Capitani$y116$m10 F 56$j164480$qFondi$B164721$CPULBib$Z2$F164721 $HCap2037 $82 941 1 $a1 961 $aNota ms. di possesso: Capitani. 961 $aSul front.: timbro dell'Universitą degli Studi di Bologna, inv. n. 335, servizi generali rettorato. 996 $6245$aL'universita e la sua storia$9(OLS)http://pul/title/180517 996 $6260$a[Torino] :$bRAI TV-Dipartimento scuola educazione $9(OLS)http://pul/publisher/83233 996 $6260$a[Torino] :$bERI$9(OLS)http://pul/publisher/60142 LEADER 01322nam a2200277 u 4500 001 000000108490 003 CaOOAMICUS 005 20071127125640.0 008 071127s2007 it a u000 u ita u 020 $z978-88-10-42055-1* 040 $aPUL$bita$dLDB 245 00$aLetteratura cristiana e letterature europee :$batti del convegno, Genova, 9-11 dicembre 2004 /$ca cura di Sandra Isetta ; presentazione del card. Tarcisio Bertone. 260 $aBologna :$bEDB,$c2007. 300 $a572 p. :$bill. ;$c21 cm. 490 1 $aLetture patristiche ;$vn. 11 500 $aInclude indici. 650 4$aLetteratura cristiana.$0(OLS)http://pul/subject/8542 700 1 $aBertone, Tarcisio,$ccard.,$d1934-$0(OLS)http://pul/name/12663 700 1 $aIsetta, Sandra.$0(OLS)http://pul/name/11518 830 0$aLetture patristiche ;$vn. 11.$0(OLS)http://pul/title/27420 850 $aPUL 852 $aPUL$W1$xSL Cons. Gen., Altre Classi 3$y75$m809. 9 ISESA 1$j123641$qDDC 21$B122578$CPULBib$Z2$F122578 $H105643 $82 941 1 $a9 996 $6020$z978-88-10-42055-1*$9(OLS)http://pul/number/136390 996 $6245$aLetteratura cristiana e letterature europee :$batti del convegno, Genova, 9-11 dicembre 2004$9(OLS)http://pul/title/136519 996 $6260$aBologna :$bEDB$9(OLS)http://pul/publisher/56073